Music Quiz

Random Music or Song Quiz

There's a hole in my bucket song Quiz Stats

 Plays Quiz not verified by Sporcle

Challenge
Share
Tweet
Embed
Score 0/21 Timer 03:00
0 Plays Today
Who says it? Lyrics % Correct
HenryThere's a hole in my bucket
98.3%
HenryThere's a hole in my bucket
98.3%
LizaThen fix it
62.7%
HenryWith what shall I fix it
61%
HenryWith what shall I cut it
32.2%
LizaFrom the well
28.8%
LizaSome straw
25.4%
LizaThen cut it
25.4%
LizaA stone
25.4%
LizaWith an axe
23.7%
HenryWith what shall I sharpen it
23.7%
Who says it? Lyrics % Correct
HenryWhere shall I get it
23.7%
LizaThen sharpen it
22%
LizaTry water
20.3%
LizaIn a bucket
20.3%
HenryThe axe is too dull
18.6%
HenryThe stone is too dry
18.6%
HenryThe straw is too long
16.9%
LizaThen moisten it
16.9%
HenryWith what shall I moisten it
16.9%
HenryIn what shall I fetch it
15.3%

You're not logged in!

Compare scores with friends on all Sporcle quizzes.
OR
Log In

You Might Also Like...

Show Comments

Extras

Top Quizzes Today


Score Distribution

Your Account Isn't Verified!

In order to create a playlist on Sporcle, you need to verify the email address you used during registration. Go to your Sporcle Settings to finish the process.

Report this User

Report this user for behavior that violates our Community Guidelines.

Details: